[Event "29ème Open International d'Echecs d'Avoi"]
[Site "Avoine"]
[Date "2014.07.19"]
[Round "2.10"]
[White "Schmit, Vincent"]
[Black "Petre, Nad-Titus"]
[Result "0-1"]
[WhiteElo "2144"]
[BlackElo "2371"]
[PlyCount "80"]
[EventDate "2014.??.??"]

1. e4 d5 2. exd5 Qxd5 3. Nc3 Qa5 4. g3 Nf6 5. Bg2 c6 6. d4 Bg4 7. Nge2 Bxe2 8.
Qxe2 e6 9. O-O Be7 10. Re1 O-O 11. Ne4 Nxe4 12. Bxe4 Nd7 13. c3 Nf6 14. Bg2
Rfd8 15. Bf4 Bd6 16. Bxd6 Rxd6 17. Qc4 Qd8 18. a4 a5 19. b4 axb4 20. Qxb4 Rd7
21. a5 Nd5 22. Qc5 g6 23. Bf1 Qe7 24. Qc4 Qd6 25. Qb3 Kg7 26. Bg2 Qc7 27. c4
Ne7 28. Qc3 Kg8 29. Red1 Rad8 30. a6 bxa6 31. Rxa6 e5 32. d5 cxd5 33. c5 Nc6
34. Rb1 e4 35. Qf6 Na7 36. Bh3 Re7 37. c6 Rd6 38. Rb8+ Qxb8 39. Qxe7 Nxc6 40.
Qg5 Nd4 0-1

[Event "29ème Open International d'Echecs d'Avoi"]
[Site "Avoine"]
[Date "2014.07.19"]
[Round "2.19"]
[White "Le Corre, Benjamin"]
[Black "Micottis, Dorian"]
[Result "1/2-1/2"]
[WhiteElo "2272"]
[BlackElo "2108"]
[PlyCount "80"]
[EventDate "2014.??.??"]

1. e4 c5 2. Nf3 e6 3. d4 cxd4 4. Nxd4 a6 5. Nc3 Qc7 6. g3 Bb4 7. Nde2 Be7 8.
Bg2 Nf6 9. O-O d6 10. h3 O-O 11. g4 Nc6 12. g5 Nd7 13. a4 Rb8 14. h4 b5 15.
axb5 axb5 16. Nd4 Nxd4 17. Qxd4 b4 18. Ra7 Qc5 19. Qxc5 Nxc5 20. Na4 Rb7 21.
Rxb7 Bxb7 22. Nxc5 dxc5 23. Be3 Ra8 24. Rd1 Kf8 25. b3 Ke8 26. f3 Ra2 27. Bf1
Ba6 28. Bxa6 Rxa6 29. Kf2 Ra2 30. Rd2 f6 31. f4 Ra3 32. Re2 c4 33. bxc4 Rc3 34.
f5 Rxc4 35. Kf3 Kf7 36. Bf4 exf5 37. exf5 g6 38. fxg6+ hxg6 39. gxf6 Bxf6 40.
Bg5 Bxg5 1/2-1/2

[Event "29ème Open International d'Echecs d'Avoi"]
[Site "Avoine"]
[Date "2014.07.19"]
[Round "2.20"]
[White "Marimoutou, Loic"]
[Black "Le Huec, Marc"]
[Result "1-0"]
[WhiteElo "2081"]
[BlackElo "2267"]
[PlyCount "101"]
[EventDate "2014.??.??"]

1. e4 c5 2. Nc3 e6 3. f4 Nc6 4. Nf3 d5 5. Bb5 Nge7 6. O-O a6 7. Bxc6+ Nxc6 8.
d3 Be7 9. Qe1 O-O 10. Ne5 Nb4 11. Qf2 d4 12. Nd1 f6 13. Nf3 f5 14. Ne5 Qc7 15.
Qe2 Bf6 16. c3 Nc6 17. Nf3 b6 18. Bd2 Bb7 19. e5 Be7 20. Rc1 Qd7 21. c4 b5 22.
Be1 bxc4 23. dxc4 Qd8 24. Nf2 a5 25. Nd3 Nb4 26. Bxb4 axb4 27. b3 Be4 28. Rc2
Ra7 29. Rd2 Qa8 30. Rf2 Qc6 31. h3 Rfa8 32. Kh2 Kh8 33. Nc1 Bb1 34. Rb2 Be4 35.
Rd2 Rg8 36. Nd3 g6 37. Qd1 Bd8 38. Nxb4 Qa8 39. Nd3 Bxd3 40. Rxd3 Rxa2 41. Rxa2
Qxa2 42. b4 cxb4 43. Rxd4 Bb6 44. c5 Bxc5 45. Rd8 Qc4 46. Kg3 Be7 47. Rd7 Qc5
48. Kh2 Re8 49. Qa4 Bf8 50. Rf7 Rc8 51. Qd7 1-0

[Event "29ème Open International d'Echecs d'Avoi"]
[Site "Avoine"]
[Date "2014.07.19"]
[Round "2.35"]
[White "Aubry, Yannis"]
[Black "Amarger, Vincent"]
[Result "1/2-1/2"]
[WhiteElo "2255"]
[BlackElo "2035"]
[PlyCount "75"]
[EventDate "2014.??.??"]

1. d4 d6 2. e4 Nf6 3. Nc3 e5 4. dxe5 dxe5 5. Qxd8+ Kxd8 6. Bg5 Be6 7. O-O-O+
Nbd7 8. g3 Kc8 9. f4 exf4 10. gxf4 Bg4 11. Re1 Bb4 12. h3 Bh5 13. Bg2 Re8 14.
Nge2 c6 15. Ng3 g6 16. e5 Nd5 17. Nxh5 Nxc3 18. bxc3 Ba3+ 19. Kd2 gxh5 20. Bf3
h6 21. Bxh6 Rh8 22. Bg5 Kc7 23. f5 Rae8 24. Bf4 Kc8 25. c4 Bf8 26. Bh2 Bg7 27.
f6 Bf8 28. Be4 Nc5 29. Bf5+ Ne6 30. c3 Bh6+ 31. Kc2 Rhg8 32. Rhg1 Rxg1 33. Rxg1
Kd7 34. Kd3 Rf8 35. Ke4 Re8 36. Kd3 Rf8 37. Ke4 Re8 38. Kd3 1/2-1/2

[Event "29ème Open International d'Echecs d'Avoi"]
[Site "Avoine"]
[Date "2014.07.19"]
[Round "2.37"]
[White "Sgircea, Silvia-Raluca"]
[Black "Schweitzer, Marc"]
[Result "1-0"]
[WhiteElo "2207"]
[BlackElo "1955"]
[PlyCount "85"]
[EventDate "2014.??.??"]

1. Nf3 Nf6 2. c4 c5 3. d4 cxd4 4. Nxd4 g6 5. Nc3 Bg7 6. e4 d6 7. Be2 O-O 8. Be3
Nc6 9. Qd2 Ng4 10. Bxg4 Bxg4 11. O-O Nxd4 12. Bxd4 Be6 13. Rfd1 a6 14. a4 Bxd4
15. Qxd4 Rc8 16. b3 Qc7 17. Nd5 Bxd5 18. exd5 f6 19. Rd3 Rf7 20. h4 Qd7 21. Re1
Rg7 22. Rde3 Rf8 23. Re6 Rff7 24. c5 dxc5 25. Qxc5 h5 26. d6 exd6 27. Rxd6 Qg4
28. Rd8+ Kh7 29. Ree8 g5 30. hxg5 Qxg5 31. Rh8+ Kg6 32. Rd5 f5 33. Rd6+ Rf6 34.
Qd4 Qc1+ 35. Kh2 Rgf7 36. Rxf6+ Rxf6 37. Qh4 Qc7+ 38. g3 Rf7 39. Rxh5 Qc1 40.
f4 Qc2+ 41. Kh3 Rg7 42. Rh6+ Kf7 43. Qf6+ 1-0

[Event "29ème Open International d'Echecs d'Avoi"]
[Site "Avoine"]
[Date "2014.07.19"]
[Round "2.57"]
[White "Potaux, Olivier"]
[Black "Monpeurt, Cyrielle"]
[Result "0-1"]
[WhiteElo "1851"]
[BlackElo "2045"]
[PlyCount "40"]
[EventDate "2014.??.??"]

1. d4 c5 2. c3 cxd4 3. cxd4 d5 4. Nc3 Nf6 5. Nf3 Nc6 6. Bg5 Ne4 7. Bf4 e6 8. a3
Qb6 9. Rb1 Bd7 10. e3 Qa5 11. Qb3 Rc8 12. Rc1 Nd8 13. Be2 Ba4 14. Qa2 Nxc3 15.
bxc3 Rxc3 16. O-O Rxa3 17. Qb2 Bc6 18. Ra1 a6 19. Rfc1 Qb4 20. Qc2 Be7 0-1

[Event "29ème Open International d'Echecs d'Avoi"]
[Site "Avoine"]
[Date "2014.07.19"]
[Round "2.59"]
[White "Sobry, Sebastien"]
[Black "Afraoui, Anaelle"]
[Result "0-1"]
[WhiteElo "2033"]
[BlackElo "1838"]
[PlyCount "46"]
[EventDate "2014.??.??"]

1. e4 c5 2. Nf3 Nc6 3. d4 cxd4 4. Nxd4 Nf6 5. Nc3 e5 6. Ndb5 d6 7. Bg5 a6 8.
Na3 b5 9. Bxf6 gxf6 10. Nd5 Bg7 11. c3 f5 12. exf5 Bxf5 13. Nc2 O-O 14. Nce3
Be6 15. g3 f5 16. Bh3 Rb8 17. Qh5 Qd7 18. Rd1 b4 19. c4 Nd4 20. Rxd4 exd4 21.
Nxf5 Bxf5 22. Bxf5 Rxf5 23. Qxf5 Re8+ 0-1